Kafka's zoopoetics : beyond the human-animal barrier /

"Kafka's Zoopoetics is the first extensive account of animals and human-animal relations in the work of Franz Kafka. The book appeals to a broad audience, including scholars and students of Comparative Literature, German Studies, Cultural Studies, and Human-Animal Studies. Kafka's piv...

Full description

Bibliographic Details
Main Author: Harel, Naama, 1973- (Author)
Corporate Author: JSTOR (Organization)
Format: eBook
Language:English
Published: Ann Arbor : University of Michigan Press, 2020.
Subjects:
Online Access:Connect to the full text of this electronic book

MARC

Tag First Indicator Second Indicator Subfields
LEADER 00000cam a2200000 i 4500
001 in00004635499
006 m o d
007 cr |||||||||||
008 190830t20202020miua ob 001 0 eng
005 20230103223459.4
010 |a  2019034294 
035 |a (OCoLC)on1114308709 
040 |a DLC  |b eng  |e rda  |e pn  |c DLC  |d EYM  |d OCLCO  |d OCLCF  |d EBLCP  |d YDX  |d N$T  |d UBY  |d OCLCQ  |d UNOMP  |d OCLCQ  |d LVT  |d OCLCO  |d DLC  |d UKKNU  |d P@U  |d JSTOR  |d OCLCQ  |d OCLCO 
019 |a 1229422833  |a 1237458587 
020 |a 0472126512  |q (electronic book) 
020 |a 9780472126514  |q (electronic bk.) 
020 |a 9780472902095  |q (open access) 
020 |a 0472902091  |q (open access) 
020 |z 9780472131792  |q (hardcover ;  |q alkaline paper) 
020 |z 0472131796  |q (hardcover ;  |q alkaline paper) 
024 7 |a 10.3998/mpub.11325807  |2 doi 
035 |a (OCoLC)1114308709  |z (OCoLC)1229422833  |z (OCoLC)1237458587 
037 |a 22573/ctv227jth3  |b JSTOR 
042 |a pcc 
050 0 4 |a PT2621.A26  |b Z746196 2020 
072 7 |a LIT  |x 000000  |2 bisacsh 
072 7 |a LIT  |x 004170  |2 bisacsh 
082 0 0 |a 833/.91209362  |2 23 
049 |a TXAM 
100 1 |a Harel, Naama,  |d 1973-  |e author. 
245 1 0 |a Kafka's zoopoetics :  |b beyond the human-animal barrier /  |c Naama Harel. 
264 1 |a Ann Arbor :  |b University of Michigan Press,  |c 2020. 
264 4 |c ©2020 
300 |a 1 online resource (xii, 204 pages) 
336 |a text  |b txt  |2 rdacontent 
337 |a computer  |b c  |2 rdamedia 
338 |a online resource  |b cr  |2 rdacarrier 
504 |a Includes bibliographical references and index. 
520 |a "Kafka's Zoopoetics is the first extensive account of animals and human-animal relations in the work of Franz Kafka. The book appeals to a broad audience, including scholars and students of Comparative Literature, German Studies, Cultural Studies, and Human-Animal Studies. Kafka's pivotal role in world literature cannot be overestimated. Exploring the multidimensional relations between humans and animals, the rapidly growing interdisciplinary field of Human-Animal Studies intertwines political and environmental critical paradigms, which are at the core of the contemporary intellectual discussion"--  |c Provided by publisher 
588 0 |a Online resource; title from digital title page (viewed on March 26, 2020). 
505 0 |a Introduction: Kafka and Other Animals -- Part I: Interspecies Transitioning -- Part II: Humanimal Power Relations -- Part III: Between Ontological and Performative Hybridity -- Notes -- Bibliography -- Index. 
600 1 0 |a Kafka, Franz,  |d 1883-1924  |x Criticism and interpretation. 
600 1 1 |a Kafka, Franz,  |d 1883-1924  |x Criticism and interpretation. 
600 1 7 |a Kafka, Franz,  |d 1883-1924.  |2 fast  |0 (OCoLC)fst00073986 
650 0 |a Human-animal relationships in literature. 
650 0 |a Animals in literature. 
650 6 |a Relations homme-animal dans la littérature. 
650 6 |a Animaux dans la littérature. 
650 7 |a Literary Criticism  |x European  |x German.  |2 bisacsh 
650 7 |a LITERARY CRITICISM  |x General.  |2 bisacsh 
650 7 |a Animals in literature.  |2 fast  |0 (OCoLC)fst00809580 
650 7 |a Human-animal relationships in literature.  |2 fast  |0 (OCoLC)fst00963492 
655 7 |a Electronic books.  |2 local 
655 7 |a Criticism, interpretation, etc.  |2 fast  |0 (OCoLC)fst01411635 
710 2 |a JSTOR (Organization) 
776 0 8 |i Print version:  |a Harel, Naama, 1973-  |t Kafka's zoopoetics.  |d Ann Arbor : University of Michigan Press, 2020  |z 9780472131792  |w (DLC) 2019034293 
856 4 0 |u https://www.jstor.org/stable/10.3998/mpub.11325807  |z Connect to the full text of this electronic book  |t 0 
955 |a JSTOR Open Access ebooks 
994 |a 92  |b TXA 
999 f f |s fdc007d9-8256-410e-aad2-31a8c2fb1cd8  |i d147a7c2-b2fb-4cb1-9d48-d2997032064a  |t 0 
952 f f |a Texas A&M University  |b College Station  |c Electronic Resources  |d Available Online  |t 0  |e PT2621.A26 Z746196 2020  |h Library of Congress classification 
998 f f |a PT2621.A26 Z746196 2020  |t 0  |l Available Online